000 00261nam a22001217a 4500
008 170623b xxu||||| |||| 00| 0 eng d
041 _aeng
080 _a84(7/8)
100 _a16
101 _aSHH
245 _aTHE CAUSES OF WAR
_cCRAMER,K.C
942 _2udc
_cBK
999 _c19006
_d19006